| 000 | 00448nam a22001217a 4500 | ||
|---|---|---|---|
| 008 | 230515b |||||||| |||| 00| 0 eng d | ||
| 040 |
_aNational Science Library _cNational Science Library |
||
| 080 |
_aR 058(540) _bP2 |
||
| 245 |
_aIndia book of the year 2002: _c/ Research Reference and Training Division _bEvents of December 2000 to November 2001 |
||
| 260 |
_aNew Delhi: _bEncyclopaedia Britannica, _c2002 |
||
| 650 | _aIndia | ||
| 942 |
_2udc _cREF |
||
| 999 |
_c29953 _d29953 |
||